00389nam a2200133Ia 4500003000400000008004100004040001600045082001900061100003200080245006800112490002200180650001700202650003600219GCL140319s9999 xx 000 0 ara d aGCL / cGCL04aطb230bع ا1 aعاطف عبدالرشيد10aالاحاديث النبوية / cعاطف عبدالرشيد aاطفالناv004aالحديث04aالاحاديث القدسية